000 00710nam a2200241 a 4500
001 BRCA_7569
005 20190320205907.0
008 070613s1931----gw-a######---#000-0#ger-#
041 _ager
044 _agw
050 4 _aN2230
_b.B47 1931
245 1 0 _aBeschreibende Verzeichnis der Gemalde
_bim Kaiser Friedrich-Museum und Deutschen Museum
_cStaatl Museen zu Berlin.
250 _a9
260 _aBerlín
_bW. Buxenstein
_c1931
300 _a654 p.
_bil.
_c19 cm.
500 _aS52
610 2 4 _aGemäldegalerie (Berlín)
_918671
610 2 4 _aDeutschen Museum
_918672
650 1 4 _aArte
_vDirectorios
_zBerlín
_918673
650 1 4 _aGalerías y museos
_zAlemania
_95059
902 _aGFM
942 _2lcc
_cB
999 _c7243
_d7243